| 000 | 01435 a2200265 4500 | ||
|---|---|---|---|
| 003 | Nust | ||
| 005 | 20170207154112.0 | ||
| 010 | _a 79009825 | ||
| 020 | _a0839113811 | ||
| 040 | _cNust | ||
| 082 | 0 | 0 | _a362.1 |
| 245 | 0 | 0 |
_aPreventing physical and mental disabilities : _bmulti-disciplinary approaches / _cedited by Peter J. Valletutti and Florence Christoplos. |
| 260 |
_aBaltimore : _bUniversity Park Press, _cc1979. |
||
| 300 |
_ax, 438 p. ; _c23 cm. |
||
| 505 | _aIntroduction and Overview (page-1) Education (Page-7) Administration of Special Facilities (Page-21) ART Therapy (Page-45) Child Life (Page-65) Counseling (Page-91) Criminal justice (Page-107) Dentistry (Page-131) Genetic Counseling (page-147) Leisure and Recreation Services (page-165) Music Therapy (Page-197) Nutrition (Page-211) Occupational Therapy (Page-243) Pediatrics (Page-259) Physical Medicine and Rehabilitation (page-273) Psychiatry (Page-293) Psychology (Page-325) Rehabilitation Counseling (Page-347) Social Work (Page-357) Speech-Language and hearing Pathology (page-381) Thanatology (Page-409) | ||
| 538 | _aAlmirah No.54 Shelf No.6 | ||
| 650 | 0 |
_aAccidents _xPrevention. |
|
| 650 | 0 | _aHandicapped. | |
| 650 | 0 |
_aMental disorders _xPrevention and control. |
|
| 650 | 0 | _aPreventive health services. | |
| 650 | 0 | _aPreventive health services. | |
| 650 | 0 | _aRehabilitation. | |
| 700 | 1 | _aChristoplos, Florence. | |
| 700 | 1 | _aValletutti, Peter J. | |
| 942 |
_2ddc _cBK |
||
| 999 |
_c193904 _d193904 |
||